Vplyv viacnásobného spracovania 3D filamentov na ich výsledné vlastnosti

Gespeichert in:
Bibliographische Detailangaben
1. Verfasser: Ondria, Matúš (Verfasst von)
Weitere Verfasser: Plavec, Roderik (Betreuung Doktorarbeit)
Format: Manuskript Buch
Sprache:Slowakisch
Veröffentlicht: 2021
Schlagworte:
Online-Zugang:http://is.stuba.sk/zp/portal_zp.pl?podrobnosti=157635
Tags: Tag hinzufügen
Keine Tags, Fügen Sie das erste Tag hinzu!

MARC

LEADER 00000ntm a22000003a 4500
001 stuzp83966
003 SK-STU
005 20210605210515.9
007 ta
008 150427s2015----xo-----f-mn---000-0-slo-d
040 |a STU  |b slo 
041 0 |a slo 
100 1 |a Ondria, Matúš  |u 049370  |4 aut  |U FCHPT Ústav prírodných a syntetických polymérov  |T FCHPT Oddelenie plastov, kaučuku a vlákien  |X 76427  |U C9370  |Y 128  |7 76427 
242 0 1 |a Influence of Multiple Processing of 3D Filaments on their Final Properties  |y eng 
245 1 0 |a Vplyv viacnásobného spracovania 3D filamentov na ich výsledné vlastnosti 
260 |c 2021 
650 4 |a kyselina polymliečna  |2 slo 
650 4 |a biodegradovateľný polymér  |2 slo 
650 4 |a 3D tlač  |2 slo 
650 4 |a 3D printing  |2 eng 
650 4 |a polylactic acid  |2 eng 
650 4 |a biodegradable polymer  |2 eng 
700 1 |a Plavec, Roderik  |u 049370  |k Z2  |4 ths  |U FCHPT Ústav prírodných a syntetických polymérov  |T FCHPT Oddelenie plastov, kaučuku a vlákien  |X 26421  |U C9370  |Y 128  |7 A000026421 
856 4 |u http://is.stuba.sk/zp/portal_zp.pl?podrobnosti=157635